| 000 | 00889nam a22002177a 4500 | ||
|---|---|---|---|
| 005 | 20200104041631.0 | ||
| 008 | 150109b2011 ck || |r|||| 00| 0 spa d | ||
| 040 |
_aCO-BoIAVH _cCO-BoIAVH |
||
| 041 | _aspa | ||
| 044 | _ack | ||
| 090 |
_aEA _b00240 |
||
| 110 | 1 |
_aColombia _bCorporación Autónoma Regional de Cundinamarca-CAR _931246 |
|
| 245 | 1 |
_aInclusión de la Dimensión Ambiental en el Currículo Escolar : _bA través de la transversalización del Proyecto Ambiental Escolar PRAE |
|
| 260 |
_aBogotá D.C : _bCorporación Autónoma Regional de Cundinamarca-CAR, _bAsociación Ambiental Nueva Era-ASOAN, _c2011. |
||
| 300 |
_a77 pag _bFot, il _c28 cm |
||
| 650 | 4 |
_aEducación ambiental _9162 |
|
| 650 | 4 |
_aProtección de los recursos naturales _xEnseñanza _931248 |
|
| 650 | 4 |
_aCultura ambiental _vProyectos _931249 |
|
| 650 |
_a Niños y medio ambiente _930438 |
||
| 942 |
_2z _cLIBRO |
||
| 999 |
_c8940 _d8940 |
||